000 00547nam a2200205Ia 4500
005 20250508163910.0
008 008 250505s9999 xx 000 0 eng d
020 _a81-7033-603-1
037 _aTextual
040 _aFEDL
_beng
_cFEDL
041 _aeng
_2eng
084 _a305.4, DAB
_qFEDL
100 _aDabir Neela
_9776714
245 0 _aWomen in distress
260 _aJaipur, India
_bRawat Publications
_c2000
300 _a252p.
650 _aSocial Structure
942 _cTEXL
_h305.4, DAB
999 _c1385854
_d1385854